[Event "SUI-ch Seniors"]
[Site "Leukerbad"]
[Date "2019.07.17"]
[Round "5"]
[White "Huss, Benjamin"]
[Black "Zuelle, Bruno"]
[Result "0-1"]
[WhiteElo "2109"]
[BlackElo "2021"]
[PlyCount "108"]
[EventDate "2019.07.13"]
[EventType "tourn"]
[EventRounds "7"]
[EventCountry "SUI"]
[SourceTitle "EXT 2020"]
[Source "ChessBase"]
[SourceDate "2019.10.17"]
[SourceVersion "1"]
[SourceVersionDate "2019.10.17"]
[SourceQuality "1"]

1. Nf3 Nf6 2. g3 e6 3. Bg2 d5 4. d3 Be7 5. 0-0 0-0 6. Nbd2 c5 7. b3 b6 8. Bb2 Bb7 9. a4 Nbd7 10. Re1 Qc7 11. e4 d4 12. Rf1 g6 13. Bc1 Ne8 14. Nc4 Bf6 15. h4 a6 16. Bf4 e5 17. Bh6 Bg7 18. Qd2 f6 19. Bh3 Bc6 20. h5 Nd6 21. Be6+ Nf7 22. hxg6 hxg6 23. Kg2 Rfe8 24. Bxf7+ Kxf7 25. Rh1 Rh8 26. Bxg7 Kxg7 27. Nh4 Rag8 28. f3 Nf8 29. b4 Bd7 30. a5 b5 31. Nb6 Be6 32. bxc5 Qxc5 33. Rab1 Nd7 34. Rhc1 Nxb6 35. axb6 g5 36. Nf5+ Bxf5 37. exf5 Qxb6 38. Qb4 Qb7 39. g4 Rh4 40. Rh1 Rxg4+ 41. Kf2 Rf4 42. Rh3 Rh8 43. Rg3 Rh2+ 44. Kg1 Rxc2 45. Qd6 Rc6 46. Qd8 Rxf5 47. Rh3 Rc8 48. Qd6 Rf4 49. Qe6 Rc7 50. Qe8 Qc8 51. Qh5 Rh4 52. Rxh4 gxh4 53. Qxh4 Rc1+ 54. Rxc1 Qxc1+ 0-1

[Event "Oberliga Baden 1314"]
[Site "Germany"]
[Date "2014.01.19"]
[Round "5.8"]
[White "Zuelle, Bruno"]
[Black "Haussernot, Cecile"]
[Result "1-0"]
[WhiteElo "2111"]
[BlackElo "2037"]
[PlyCount "105"]
[EventDate "2013.10.13"]
[EventType "team-tourn"]
[EventRounds "9"]
[EventCountry "GER"]
[SourceTitle "EXT 2015"]
[Source "ChessBase"]
[SourceDate "2014.11.20"]
[SourceVersion "1"]
[SourceVersionDate "2014.11.20"]
[SourceQuality "1"]
[WhiteTeam "Waldshut"]
[BlackTeam "Baden-Baden III"]
[WhiteTeamCountry "GER"]
[BlackTeamCountry "GER"]

1. Nf3 Nf6 2. c4 e6 3. Nc3 d5 4. cxd5 exd5 5. d4 Nc6 6. Bg5 Bb4 7. e3 0-0 8. Bd3 h6 9. Bh4 Qd6 10. 0-0 Bxc3 11. bxc3 Bg4 12. Qb3 Ne4 13. Bxe4 dxe4 14. Nd2 Rae8 15. Bg3 Qd7 16. Qxb7 Re7 17. Qxc7 Qxc7 18. Bxc7 Rxc7 19. Nxe4 Be2 20. Rfe1 Bc4 21. Nc5 Rd8 22. a3 Kf8 23. Rab1 Ke7 24. e4 Rb8 25. f4 f6 26. Kf2 g5 27. g3 Kd6 28. Ke3 Re7 29. Rxb8 Nxb8 30. e5+ fxe5 31. fxe5+ Kd5 32. Rb1 Nd7 33. Rb7 Kc6 34. Rxa7 Rf7 35. Nxd7 Rxd7 36. Rxd7 Kxd7 37. h4 g4 38. Kf4 h5 39. Kg5 Ke6 40. a4 Bd5 41. a5 Bc4 42. Kxh5 Kf5 43. Kh6 Ke4 44. Kg7 Kf3 45. h5 Kxg3 46. h6 Bd3 47. e6 Kf2 48. e7 g3 49. e8Q g2 50. Qf8+ Kg3 51. Qd6+ Kh3 52. Qe6+ Kh2 53. Qe3 1-0

[Event "Lueneburg op"]
[Site "Lueneburg"]
[Date "2013.07.17"]
[Round "3"]
[White "Zuelle, Bruno"]
[Black "Seifer, Gregor Fabian"]
[Result "1-0"]
[WhiteElo "2132"]
[BlackElo "1943"]
[PlyCount "53"]
[EventDate "2013.07.15"]
[EventType "swiss"]
[EventRounds "7"]
[EventCountry "GER"]
[SourceTitle "CBM 155 Extra"]
[Source "ChessBase"]
[SourceDate "2013.08.26"]
[SourceVersion "1"]
[SourceVersionDate "2013.08.26"]
[SourceQuality "1"]

1. Nf3 Nf6 2. c4 d6 3. g3 Bg4 4. Bg2 c6 5. h3 Bh5 6. Nc3 e5 7. d3 Nbd7 8. 0-0 Be7 9. Nh4 Bg6 10. b4 Qc7 11. Qb3 a5 12. bxa5 Rxa5 13. Be3 0-0 14. Nxg6 hxg6 15. a4 Rb8 16. Rab1 Ra6 17. Rfc1 Qa5 18. Qc2 d5 19. cxd5 cxd5 20. Rb5 Qc7 21. Nxd5 Qxc2 22. Nxe7+ Kf8 23. Rxc2 Kxe7 24. a5 b6 25. axb6 Nxb6 26. Rxe5+ Kd6 27. Rb5 1-0

[Event "Oberliga Baden 1213"]
[Site "Baden"]
[Date "2013.04.14"]
[Round "9.7"]
[White "Mader, Manuela"]
[Black "Zuelle, Bruno"]
[Result "1/2-1/2"]
[WhiteElo "2218"]
[BlackElo "2116"]
[PlyCount "88"]
[EventDate "2012.10.14"]
[EventType "team-tourn"]
[EventRounds "9"]
[EventCountry "GER"]
[SourceTitle "EXT 2014"]
[Source "ChessBase"]
[SourceDate "2013.11.20"]
[SourceVersion "1"]
[SourceVersionDate "2013.11.20"]
[SourceQuality "1"]
[WhiteTeam "Ettlingen"]
[BlackTeam "Waldshut"]
[WhiteTeamCountry "GER"]
[BlackTeamCountry "GER"]

1. e4 e6 2. d4 d5 3. Nd2 Nf6 4. e5 Nfd7 5. Bd3 c5 6. c3 Nc6 7. Ne2 cxd4 8. cxd4 f6 9. exf6 Nxf6 10. 0-0 Bd6 11. Nf3 Qc7 12. Bg5 0-0 13. Bh4 Nh5 14. Bg3 Nxg3 15. Nxg3 g6 16. Bb5 Qg7 17. Bxc6 bxc6 18. Re1 c5 19. Rc1 cxd4 20. Qxd4 Bd7 21. Qxg7+ Kxg7 22. Ne2 Rac8 23. a3 Rxc1 24. Rxc1 Rc8 25. Rxc8 Bxc8 26. Nc3 Kf6 27. Nd4 Bb7 28. b4 Be5 29. Nce2 Bxd4 30. Nxd4 e5 31. Nb3 d4 32. Nc5 Bc6 33. f3 Ke7 34. Kf2 Kd6 35. Nb3 Bd5 36. Nd2 Kc6 37. a4 Kb6 38. Ke2 a5 39. bxa5+ Kxa5 40. Kd3 g5 41. g3 Kxa4 42. f4 gxf4 43. gxf4 exf4 44. Kxd4 Bc6 1/2-1/2

[Event "Winterthur op 12th"]
[Site "Winterthur"]
[Date "2012.10.11"]
[Round "6"]
[White "Wolfensberger, Matthias"]
[Black "Zuelle, Bruno"]
[Result "1/2-1/2"]
[WhiteElo "1907"]
[BlackElo "2128"]
[PlyCount "73"]
[EventDate "2012.10.06"]
[EventType "swiss"]
[EventRounds "9"]
[EventCountry "SUI"]
[SourceTitle "CBM 150 Extra"]
[Source "ChessBase"]
[SourceDate "2012.10.19"]
[SourceVersion "1"]
[SourceVersionDate "2012.10.19"]
[SourceQuality "1"]

1. e4 e6 2. d4 d5 3. Nc3 Bb4 4. e5 c5 5. a3 Bxc3+ 6. bxc3 Ne7 7. Nf3 Bd7 8. a4 Qa5 9. Bd2 Nbc6 10. Bb5 c4 11. 0-0 h6 12. Qe2 0-0-0 13. Rfb1 Kb8 14. Qe1 Ka8 15. Bc1 Rdg8 16. Ba3 Qd8 17. a5 a6 18. Ba4 Na7 19. Bxd7 Qxd7 20. Nd2 Nec6 21. Bc5 Nb5 22. Rb2 f5 23. Nb1 Nca7 24. Bxa7 Kxa7 25. Rb4 g5 26. Na3 Nxa3 27. Rxa3 Rc8 28. Ra2 Rc6 29. Qb1 Rhc8 30. Rab2 R8c7 31. Kf1 g4 32. Rb6 f4 33. Rxc6 Rxc6 34. Rb6 f3 35. g3 Qc7 36. Rb4 Qf7 37. Rb6 1/2-1/2

[Event "SUI-chB"]
[Site "Flims"]
[Date "2012.07.17"]
[Round "6"]
[White "Gruenenwald, Joerg"]
[Black "Zuelle, Bruno"]
[Result "1-0"]
[WhiteElo "2319"]
[BlackElo "2096"]
[PlyCount "83"]
[EventDate "2012.07.12"]
[EventType "swiss"]
[EventRounds "9"]
[EventCountry "SUI"]
[SourceTitle "CBM 149 Extra"]
[Source "ChessBase"]
[SourceDate "2012.08.24"]
[SourceVersion "1"]
[SourceVersionDate "2012.08.24"]
[SourceQuality "1"]

1. d4 Nf6 2. c4 e6 3. Nf3 b6 4. a3 Bb7 5. Nc3 d5 6. Bg5 Be7 7. Qa4+ c6 8. Bxf6 Bxf6 9. cxd5 exd5 10. g3 0-0 11. Bg2 Nd7 12. 0-0 c5 13. Rad1 Qc7 14. e3 Rfd8 15. Rd2 a6 16. Qc2 g6 17. dxc5 Qxc5 18. Qb3 Qc4 19. Qd1 Nf8 20. Nd4 Ne6 21. Nce2 Qc7 22. Qb3 b5 23. Rc1 Qb6 24. Qb4 Rac8 25. Rdc2 Nxd4 26. Nxd4 Bxd4 27. Rxc8 Rxc8 28. Rxc8+ Bxc8 29. exd4 Qe6 30. h4 Kg7 31. Bf3 Bb7 32. Kg2 Qc6 33. h5 gxh5 34. Qe7 Ba8 35. Bxh5 Qf6 36. Qa7 Kh6 37. Bf3 Bc6 38. Qxa6 Qe6 39. b3 Kg5 40. Qa5 Qe7 41. Qd2+ Kg6 42. Qc2+ 1-0

[Event "SUI-chB"]
[Site "Flims"]
[Date "2012.07.14"]
[Round "3"]
[White "Zuelle, Bruno"]
[Black "Misiano, Franco"]
[Result "1-0"]
[WhiteElo "2096"]
[BlackElo "2271"]
[PlyCount "103"]
[EventDate "2012.07.12"]
[EventType "swiss"]
[EventRounds "9"]
[EventCountry "SUI"]
[SourceTitle "CBM 149 Extra"]
[Source "ChessBase"]
[SourceDate "2012.08.24"]
[SourceVersion "1"]
[SourceVersionDate "2012.08.24"]
[SourceQuality "1"]

1. Nf3 d5 2. d4 Nf6 3. c4 c6 4. e3 e6 5. Bd3 Nbd7 6. 0-0 Bd6 7. Nbd2 0-0 8. e4 e5 9. cxd5 cxd5 10. exd5 exd4 11. Ne4 Nxe4 12. Bxe4 f5 13. Bc2 Ne5 14. Bf4 d3 15. Bb3 Nxf3+ 16. Qxf3 Bxf4 17. Qxf4 Qf6 18. Rad1 Qxb2 19. Qc7 Kh8 20. d6 Qd4 21. Qe7 Qf6 22. Rxd3 b5 23. Re1 Ba6 24. Qxf6 Rxf6 25. d7 Rff8 26. Bd5 Rad8 27. Re7 b4 28. Rg3 g6 29. Rh3 h5 30. Rg3 Rf6 31. Re8+ Rf8 32. Rxf8+ Rxf8 33. Rxg6 Bb5 34. Rd6 Rd8 35. Be6 Kg7 36. Bxf5 Kf8 37. h4 Ke7 38. Rd5 a6 39. f3 Bc4 40. Rd4 Bxa2 41. Rxb4 Bd5 42. Kf2 Bc6 43. Rb6 Bb5 44. g4 Bc4 45. Rc6 Bb5 46. Rc8 a5 47. Ke3 a4 48. Rxd8 Kxd8 49. Kd4 a3 50. Kc3 a2 51. Kb2 Bc4 52. gxh5 1-0

[Event "Oberliga Baden 1112"]
[Site "Germany"]
[Date "2011.11.20"]
[Round "3.8"]
[White "Zuelle, Bruno"]
[Black "Vinke, Andreas"]
[Result "1/2-1/2"]
[WhiteElo "2090"]
[BlackElo "2218"]
[PlyCount "68"]
[EventDate "2011.10.02"]
[EventType "team-tourn"]
[EventRounds "9"]
[EventCountry "GER"]
[SourceTitle "EXT 2013"]
[Source "ChessBase"]
[SourceDate "2012.11.22"]
[SourceVersion "1"]
[SourceVersionDate "2012.11.22"]
[SourceQuality "1"]
[WhiteTeam "Waldshut"]
[BlackTeam "Karlsruhe"]
[WhiteTeamCountry "GER"]
[BlackTeamCountry "GER"]

1. Nf3 Nf6 2. c4 b6 3. g3 Bb7 4. Bg2 e6 5. 0-0 Be7 6. Nc3 0-0 7. d4 Ne4 8. Qc2 Nxc3 9. Qxc3 f5 10. Ne5 Qc8 11. b3 d6 12. Bxb7 Qxb7 13. Qf3 Qxf3 14. Nxf3 Bf6 15. Bg5 Nd7 16. Rfd1 Kf7 17. Rac1 Rfd8 18. Bxf6 Kxf6 19. h4 h6 20. Kg2 g5 21. hxg5+ hxg5 22. Rh1 Rh8 23. Rxh8 Rxh8 24. e3 g4 25. Ne1 e5 26. Nd3 c5 27. dxe5+ dxe5 28. Rh1 Rxh1 29. Kxh1 Ke6 30. Kg2 e4 31. Nf4+ Kd6 32. Kf1 Ne5 33. Ke2 Nf7 34. Ng2 Kc6 1/2-1/2

[Event "Oberliga Baden 1011"]
[Site "Baden"]
[Date "2011.03.20"]
[Round "8.7"]
[White "Arlt, Reinhard"]
[Black "Zuelle, Bruno"]
[Result "1-0"]
[WhiteElo "2191"]
[BlackElo "2090"]
[PlyCount "93"]
[EventDate "2010.10.10"]
[EventType "team-tourn"]
[EventRounds "9"]
[EventCountry "GER"]
[SourceTitle "EXT 2012"]
[Source "ChessBase"]
[SourceDate "2011.11.24"]
[SourceVersion "1"]
[SourceVersionDate "2011.11.24"]
[SourceQuality "1"]
[WhiteTeam "Karlsruhe"]
[BlackTeam "Waldshut"]
[WhiteTeamCountry "GER"]
[BlackTeamCountry "GER"]

1. e4 e6 2. d4 d5 3. Nc3 Bb4 4. e5 c5 5. a3 Bxc3+ 6. bxc3 Ne7 7. Nf3 Bd7 8. a4 Qa5 9. Bd2 Nbc6 10. Bb5 Qc7 11. 0-0 0-0 12. Bg5 h6 13. Bf4 Ng6 14. Bg3 Nce7 15. Bd3 c4 16. Bxg6 fxg6 17. h3 g5 18. Nh2 Ng6 19. Qg4 Nf4 20. h4 h5 21. Qxg5 Rf5 22. Qe7 Ne2+ 23. Kh1 Nxc3 24. f3 Re8 25. Qb4 Ne2 26. Bf2 Nf4 27. Rfb1 b6 28. Qe1 Rb8 29. Qe3 Qd8 30. g3 Ng6 31. Be1 Ne7 32. Bb4 Nc6 33. Bd6 Rc8 34. f4 Na5 35. c3 Qe8 36. Rg1 Bxa4 37. g4 hxg4 38. Rxg4 Bc2 39. Qg3 Be4+ 40. Nf3 Bxf3+ 41. Qxf3 Rd8 42. Rag1 Rd7 43. Rg6 Qf7 44. h5 Kh8 45. h6 Rxf4 46. hxg7+ Kg8 47. Qh3 1-0

[Event "Winterthur op 10th"]
[Site "Winterthur"]
[Date "2010.10.16"]
[Round "9"]
[White "Zuelle, Bruno"]
[Black "Gloor, Roger"]
[Result "0-1"]
[WhiteElo "2066"]
[BlackElo "2181"]
[PlyCount "52"]
[EventDate "2010.10.09"]
[EventType "swiss"]
[EventRounds "9"]
[EventCountry "SUI"]
[SourceTitle "CBM 138 Extra"]
[Source "ChessBase"]
[SourceDate "2010.10.29"]
[SourceVersion "1"]
[SourceVersionDate "2010.10.29"]
[SourceQuality "1"]

1. Nf3 Nf6 2. c4 g6 3. g3 Bg7 4. Bg2 0-0 5. 0-0 d6 6. Nc3 e5 7. d3 Nc6 8. Rb1 a5 9. a3 Re8 10. Bg5 h6 11. Bxf6 Bxf6 12. b4 axb4 13. axb4 Bg7 14. b5 Ne7 15. Qb3 c6 16. bxc6 bxc6 17. Ra1 Be6 18. Rxa8 Qxa8 19. Rb1 d5 20. Nd2 Qa5 21. e4 d4 22. Nd5 Qxd2 23. Nc7 Rf8 24. Nxe6 fxe6 25. f3 Ra8 26. Rd1 Qe2 0-1

[Event "Winterthur op 10th"]
[Site "Winterthur"]
[Date "2010.10.15"]
[Round "8"]
[White "Zuelle, Bruno"]
[Black "Kamber, Bruno"]
[Result "1/2-1/2"]
[WhiteElo "2066"]
[BlackElo "2313"]
[PlyCount "185"]
[EventDate "2010.10.09"]
[EventType "swiss"]
[EventRounds "9"]
[EventCountry "SUI"]
[SourceTitle "CBM 138 Extra"]
[Source "ChessBase"]
[SourceDate "2010.10.29"]
[SourceVersion "1"]
[SourceVersionDate "2010.10.29"]
[SourceQuality "1"]

1. Nf3 d5 2. d4 Nf6 3. c4 dxc4 4. e3 a6 5. Bxc4 e6 6. 0-0 c5 7. dxc5 Bxc5 8. Qxd8+ Kxd8 9. Rd1+ Ke7 10. b3 Nbd7 11. Bb2 b6 12. Nbd2 Bb7 13. Be2 Rhc8 14. Rdc1 g6 15. a3 Rc7 16. b4 Bd6 17. Nc4 Rac8 18. Nxd6 Kxd6 19. Rxc7 Rxc7 20. Rc1 Rxc1+ 21. Bxc1 b5 22. Bb2 e5 23. Kf1 Ne4 24. Bd3 f6 25. Ke2 Nb6 26. g3 Na4 27. Bxe4 Bxe4 28. Nd2 Bc2 29. Ba1 Kd5 30. f3 g5 31. e4+ Ke6 32. Nf1 g4 33. Ke3 Nb6 34. Nd2 h5 35. f4 Nc8 36. fxe5 fxe5 37. Bc3 Nd6 38. Ba1 Nf7 39. Bc3 Kf6 40. Ba1 Kg5 41. Bc3 h4 42. Ba1 h3 43. Bc3 Kf6 44. Ba1 Nd8 45. Bc3 Nc6 46. Nf1 Ke6 47. Nd2 Kd6 48. Nf1 Nb8 49. Nd2 Nd7 50. Ba1 Nf6 51. Bc3 Nh5 52. Kf2 Ke6 53. Ba1 Nf6 54. Ke3 Nh7 55. Bc3 Ng5 56. Ba1 Bd1 57. Bc3 Bf3 58. Bb2 Bg2 59. Bc3 Nf7 60. Nb3 Ng5 61. Nd2 Bf3 62. Bb2 Bd1 63. Bc3 Bc2 64. Ba1 Nf7 65. Bc3 Nd6 66. Ba1 Nb7 67. Bc3 Kd6 68. Nf1 Bb3 69. Nd2 Be6 70. Nf1 Nd8 71. Nd2 Nc6 72. Kd3 Bf7 73. Ke3 Ne7 74. Ba1 Ng8 75. Bc3 Bg6 76. Ba1 Nf6 77. Bb2 Ke6 78. Ba1 Kd6 79. Bc3 Be8 80. Bb2 Bc6 81. Bc3 Ke6 82. Bb2 Bb7 83. Ba1 Nh5 84. Kf2 Kd6 85. Bb2 Nf6 86. Ke3 Ba8 87. Ba1 Bc6 88. Bb2 Nd7 89. Bc3 Nb6 90. Ba1 Bd7 91. Bc3 Be6 92. Ba1 Bc4 93. Bc3 1/2-1/2

[Event "Winterthur op 10th"]
[Site "Winterthur"]
[Date "2010.10.14"]
[Round "7"]
[White "Bhend, Edwin"]
[Black "Zuelle, Bruno"]
[Result "0-1"]
[WhiteElo "2258"]
[BlackElo "2066"]
[PlyCount "61"]
[EventDate "2010.10.09"]
[EventType "swiss"]
[EventRounds "9"]
[EventCountry "SUI"]
[SourceTitle "CBM 138 Extra"]
[Source "ChessBase"]
[SourceDate "2010.10.29"]
[SourceVersion "1"]
[SourceVersionDate "2010.10.29"]
[SourceQuality "1"]

1. e4 e6 2. d4 d5 3. Nc3 Bb4 4. a3 Bxc3+ 5. bxc3 dxe4 6. Qg4 Nf6 7. Qxg7 Rg8 8. Qh6 Nbd7 9. Nh3 b6 10. Bb5 Bb7 11. Bg5 c6 12. Be2 Qe7 13. 0-0 0-0-0 14. f3 Rg6 15. Qh4 Rdg8 16. fxe4 h6 17. Bxf6 Rxg2+ 18. Kh1 Nxf6 19. Nf4 R2g5 20. Bf3 Nxe4 21. Qe1 Nd6 22. Qe2 Qc7 23. Rg1 c5 24. h4 Rxg1+ 25. Rxg1 Rxg1+ 26. Kxg1 Bxf3 27. Qxf3 cxd4 28. cxd4 Qxc2 29. Qa8+ Kc7 30. Qxa7+ Nb7 31. Ne2 0-1

[Event "Prague Holiday M31"]
[Site "Prague"]
[Date "2010.08.05"]
[Round "8"]
[White "Ptak, Pavel"]
[Black "Zuelle, Bruno"]
[Result "1-0"]
[WhiteElo "2131"]
[BlackElo "2110"]
[PlyCount "69"]
[EventDate "2010.08.01"]
[EventType "tourn"]
[EventRounds "9"]
[EventCountry "CZE"]
[SourceTitle "EXT 2023"]
[Source "ChessBase"]
[SourceDate "2022.10.05"]
[SourceVersion "1"]
[SourceVersionDate "2022.10.05"]
[SourceQuality "1"]

1. e4 e6 2. d3 d5 3. Qe2 Nf6 4. Nf3 Be7 5. g3 c5 6. Bg2 Nc6 7. 0-0 0-0 8. e5 Nd7 9. c4 dxc4 10. dxc4 Qc7 11. Bf4 Rd8 12. b3 b6 13. Nc3 a6 14. Nd5 Qa7 15. Nxe7+ Nxe7 16. Ng5 h6 17. Bxa8 Qxa8 18. Qe4 Qxe4 19. Nxe4 Nc6 20. Nd6 Ndxe5 21. Bxe5 Nxe5 22. Rad1 Nf3+ 23. Kg2 Nd4 24. Nxc8 Rxc8 25. b4 e5 26. bxc5 Rxc5 27. Rb1 b5 28. cxb5 axb5 29. Rfc1 Rd5 30. Rc7 g6 31. a4 bxa4 32. Rb8+ Kg7 33. Rbb7 Ne6 34. Rxf7+ Kg8 35. Rfe7 1-0

[Event "Prague Holiday M31"]
[Site "Prague"]
[Date "2010.08.04"]
[Round "6"]
[White "Kleinschroth, Roland"]
[Black "Zuelle, Bruno"]
[Result "1-0"]
[WhiteElo "2140"]
[BlackElo "2110"]
[PlyCount "75"]
[EventDate "2010.08.01"]
[EventType "tourn"]
[EventRounds "9"]
[EventCountry "CZE"]
[SourceTitle "EXT 2023"]
[Source "ChessBase"]
[SourceDate "2022.10.05"]
[SourceVersion "1"]
[SourceVersionDate "2022.10.05"]
[SourceQuality "1"]

1. e4 e6 2. Nf3 d5 3. e5 c5 4. b4 b6 5. bxc5 bxc5 6. Bb5+ Bd7 7. a4 Ne7 8. 0-0 Ng6 9. Re1 Nc6 10. d4 cxd4 11. Bxc6 Bxc6 12. Nxd4 Qc7 13. Qg4 Rc8 14. Qg3 Bc5 15. c3 0-0 16. Nd2 Bd7 17. N2f3 Be7 18. Bd2 Rb8 19. h4 Rfc8 20. h5 Nf8 21. Bh6 g6 22. hxg6 fxg6 23. Re3 Qd8 24. Ng5 Qe8 25. Qh4 Bxg5 26. Bxg5 Bxa4 27. Be7 Rc4 28. Rf3 Nd7 29. Bd6 Rbc8 30. Qh3 Rxd4 31. cxd4 Rc4 32. Qh4 a6 33. Rh3 Qf7 34. Qd8+ Kg7 35. Rf3 Qg8 36. Qe7+ Kh8 37. Rxa4 Rxa4 38. Qxd7 1-0

[Event "Prague Holiday M31"]
[Site "Prague"]
[Date "2010.08.03"]
[Round "5"]
[White "Zuelle, Bruno"]
[Black "Novak, Jindrich"]
[Result "0-1"]
[WhiteElo "2110"]
[BlackElo "2170"]
[PlyCount "94"]
[EventDate "2010.08.01"]
[EventType "tourn"]
[EventRounds "9"]
[EventCountry "CZE"]
[SourceTitle "EXT 2023"]
[Source "ChessBase"]
[SourceDate "2022.10.05"]
[SourceVersion "1"]
[SourceVersionDate "2022.10.05"]
[SourceQuality "1"]

1. Nf3 d6 2. c4 Nc6 3. Nc3 g6 4. g3 Bg7 5. Bg2 Ne5 6. d4 Nxf3+ 7. Bxf3 h5 8. h4 e5 9. dxe5 Bxe5 10. Qd3 Bf5 11. Be4 Ne7 12. 0-0 Qd7 13. Be3 Bxe4 14. Qxe4 Qc6 15. Qxc6+ bxc6 16. Rfd1 Nf5 17. Rd3 Nxe3 18. Rxe3 0-0 19. Rd1 Rfe8 20. Kf1 Kf8 21. Rdd3 Rab8 22. b3 a5 23. Na4 c5 24. Kg2 Kg7 25. f4 Bd4 26. Rxe8 Rxe8 27. Kf3 Kh6 28. e3 Bg7 29. Nc3 Bxc3 30. Rxc3 f6 31. e4 g5 32. hxg5+ fxg5 33. f5 Kg7 34. Rc2 Rb8 35. Rh2 Rh8 36. Ke3 Kf6 37. Rd2 h4 38. gxh4 Rxh4 39. Rf2 c6 40. Kd3 Rh3+ 41. Kd2 g4 42. Rg2 Kg5 43. Ke2 Rc3 44. Kd2 Rf3 45. Re2 g3 46. Rg2 Kf4 47. f6 Kg4 0-1

[Event "Prague Holiday M31"]
[Site "Prague"]
[Date "2010.08.01"]
[Round "2"]
[White "Zuelle, Bruno"]
[Black "Erneker, Josef"]
[Result "1/2-1/2"]
[WhiteElo "2110"]
[BlackElo "2298"]
[PlyCount "73"]
[EventDate "2010.08.01"]
[EventType "tourn"]
[EventRounds "9"]
[EventCountry "CZE"]
[SourceTitle "EXT 2023"]
[Source "ChessBase"]
[SourceDate "2022.10.05"]
[SourceVersion "1"]
[SourceVersionDate "2022.10.05"]
[SourceQuality "1"]

1. Nf3 c5 2. c4 g6 3. g3 Bg7 4. Bg2 Nc6 5. Nc3 e6 6. 0-0 Nge7 7. d3 0-0 8. e4 d5 9. exd5 exd5 10. Na4 b6 11. Bg5 h6 12. Be3 Qd7 13. Rb1 Ba6 14. b3 Rad8 15. Qc1 Nf5 16. Bd2 dxc4 17. dxc4 Ncd4 18. Nxd4 Nxd4 19. Nc3 Ne2+ 20. Nxe2 Qxd2 21. Bf3 Bc8 22. g4 Qxc1 23. Rbxc1 Rd2 24. Nf4 Rd4 25. Ne2 Rd3 26. Be4 Rd2 27. Bf3 Rfd8 28. Nf4 R8d4 29. Rfd1 Rxd1+ 30. Rxd1 Rxd1+ 31. Bxd1 Bd4 32. Nd5 Kf8 33. Kg2 f5 34. Bc2 Kf7 35. gxf5 gxf5 36. f4 Bd7 37. a4 1/2-1/2

[Event "Oberliga Baden 0910"]
[Site "Germany"]
[Date "2010.03.21"]
[Round "8.5"]
[White "Adler, Joel Arturo Manuel"]
[Black "Zuelle, Bruno"]
[Result "1/2-1/2"]
[WhiteElo "2287"]
[BlackElo "2107"]
[PlyCount "78"]
[EventDate "2009.10.18"]
[EventType "team-tourn"]
[EventRounds "9"]
[EventCountry "GER"]
[SourceTitle "EXT 2011"]
[Source "ChessBase"]
[SourceDate "2010.11.26"]
[SourceVersion "1"]
[SourceVersionDate "2010.11.26"]
[SourceQuality "1"]
[WhiteTeam "Kirchheim"]
[BlackTeam "Waldshut"]
[WhiteTeamCountry "GER"]
[BlackTeamCountry "GER"]

1. d4 Nf6 2. c4 e6 3. Nf3 b6 4. e3 Bb7 5. Bd3 Be7 6. 0-0 0-0 7. Nc3 d5 8. b3 Nbd7 9. Bb2 dxc4 10. bxc4 c5 11. Qe2 Rc8 12. Rad1 Qc7 13. Ne5 Rfd8 14. f4 Qb8 15. f5 Bd6 16. Nxf7 Kxf7 17. fxe6+ Kxe6 18. Nd5 Bxd5 19. cxd5+ Ke7 20. g4 g6 21. g5 Nh5 22. Qg2 Rf8 23. Qe4+ Kd8 24. Rxf8+ Nxf8 25. Bb5 Bxh2+ 26. Kg2 Qg3+ 27. Kh1 Qd6 28. Qe8+ Kc7 29. Qf7+ Nd7 30. Qxd7+ Qxd7 31. Bxd7 Kxd7 32. Kxh2 cxd4 33. Bxd4 Rc2+ 34. Kh3 Rxa2 35. e4 Ra3+ 36. Kg4 Ra4 37. Kf3 Ra3+ 38. Kg4 Ra4 39. Kf3 Ra3+ 1/2-1/2

[Event "Verbandsliga Sued Baden 0809"]
[Site "Germany"]
[Date "2008.10.12"]
[Round "2.7"]
[White "Zuelle, Bruno"]
[Black "Einhorn, Leonid"]
[Result "1/2-1/2"]
[WhiteElo "2139"]
[BlackElo "2112"]
[PlyCount "36"]
[EventDate "2008.09.28"]
[EventType "team"]
[EventRounds "9"]
[EventCountry "GER"]
[SourceTitle "EXT 2010"]
[Source "ChessBase"]
[SourceDate "2010.11.25"]
[SourceVersion "1"]
[SourceVersionDate "2010.11.25"]
[SourceQuality "1"]
[WhiteTeam "Waldshut"]
[BlackTeam "Dreilaendereck"]
[WhiteTeamCountry "GER"]
[BlackTeamCountry "GER"]

1. Nf3 d5 2. d4 Nf6 3. c4 c6 4. e3 e6 5. Bd3 Nbd7 6. Nc3 dxc4 7. Bxc4 b5 8. Bd3 b4 9. Na4 Be7 10. 0-0 0-0 11. Qe2 Qa5 12. b3 Bb7 13. Bb2 Qh5 14. Rac1 Rfc8 15. Ne5 Qxe2 16. Bxe2 Nxe5 17. dxe5 Nd7 18. Rfd1 Rc7 1/2-1/2

[Event "Winterthur op"]
[Site "Winterthur"]
[Date "2007.10.07"]
[Round "3"]
[White "Wilkins, Michael"]
[Black "Zuelle, Bruno"]
[Result "1-0"]
[WhiteElo "2245"]
[BlackElo "2140"]
[PlyCount "71"]
[EventDate "2007.10.05"]
[EventType "swiss"]
[EventRounds "9"]
[EventCountry "SUI"]
[SourceTitle "CBM 120 Extra"]
[Source "ChessBase"]
[SourceDate "2007.11.01"]
[SourceVersion "1"]
[SourceVersionDate "2007.11.01"]
[SourceQuality "1"]

1. e4 e6 2. d4 d5 3. e5 c5 4. c3 Nc6 5. Nf3 Bd7 6. a3 f6 7. exf6 Nxf6 8. b4 cxd4 9. cxd4 a6 10. Nc3 b5 11. Bd3 Bd6 12. 0-0 Qc7 13. Bb2 0-0 14. Rc1 Be8 15. Qe2 Bd7 16. Nb1 Qb6 17. Ne5 Nd8 18. Nd2 Be8 19. Nb3 Nd7 20. Nc5 Nxe5 21. dxe5 Bxc5 22. Rxc5 Qa7 23. Qc2 h6 24. Kh1 Qe7 25. f4 Qh4 26. Bc1 g5 27. f5 exf5 28. Rxd5 Bf7 29. Bxf5 Bg6 30. Rdd1 Bxf5 31. Rxf5 Ne6 32. Rxf8+ Rxf8 33. Qg6+ Ng7 34. e6 Qg4 35. Re1 Qe2 36. Qf7+ 1-0

[Event "Winterthur op"]
[Site "Winterthur"]
[Date "2007.10.06"]
[Round "2"]
[White "Zuelle, Bruno"]
[Black "Filipovic, Branko"]
[Result "0-1"]
[WhiteElo "2140"]
[BlackElo "2422"]
[PlyCount "54"]
[EventDate "2007.10.05"]
[EventType "swiss"]
[EventRounds "9"]
[EventCountry "SUI"]
[SourceTitle "CBM 120 Extra"]
[Source "ChessBase"]
[SourceDate "2007.11.01"]
[SourceVersion "1"]
[SourceVersionDate "2007.11.01"]
[SourceQuality "1"]

1. Nf3 b6 2. g3 Bb7 3. Bg2 e5 4. d3 g6 5. c4 Bg7 6. Nc3 Ne7 7. 0-0 0-0 8. Rb1 d6 9. b4 Nd7 10. Qb3 h6 11. Ne1 Bxg2 12. Nxg2 Nf6 13. Nd5 Nf5 14. Nxf6+ Bxf6 15. e4 Nd4 16. Qd1 Bg7 17. Be3 Ne6 18. Qb3 a5 19. a3 axb4 20. axb4 Qd7 21. Ra1 Kh7 22. Ra3 Rxa3 23. Qxa3 f5 24. f3 f4 25. gxf4 exf4 26. Bd2 Nd4 27. Kh1 Qh3 0-1